000 00429nam a22001577a 4500
003 MPLRDC
005 20220104113721.0
008 210129b ||||| |||| 00| 0 eng d
082 _a857.9 MRC v.5
100 _a马荣成、丹青编著
245 _a风云小说. 第五册
_c马荣成等插图
260 _a马来西亚
_b天地图书有限公司
_c1991
300 _b133
650 _a武侠小说
942 _cBK
_o857.9 MRC v.5
999 _c1798
_d1788